Central Library OPAC University of Rajshahi

Lectures on political economy / (Record no. 42910)

MARC details
000 -LEADER
fixed length control field 00916nam a2200253 a 4500
001 - CONTROL NUMBER
control field 42910
003 - CONTROL NUMBER IDENTIFIER
rucl marc code BD-RjUL
005 - DATE AND TIME OF LATEST TRANSACTION
control field 20211209053620.0
008 - FIXED-LENGTH DATA ELEMENTS--GENERAL INFORMATION
fixed length control field 160618m19801935enka b 001 0 eng
035 ## - SYSTEM CONTROL NUMBER
System control number (BD-RjUL)43028
040 ## - CATALOGING SOURCE
Modifying agency UPvMLC
-- BD-RjUL
Original cataloging agency BD-RjUL
Language of cataloging eng
Transcribing agency BD-RjUL
041 ## - LANGUAGE CODE
Language code of text/sound track or separate title eng
082 ## - DEWEY DECIMAL CLASSIFICATION NUMBER
Classification number 330.1
Edition number 23
Author mark and year WIL1950
100 1# - MAIN ENTRY--PERSONAL NAME
Personal name Wicksell, Knut
Dates associated with a name 1851-1926.
9 (RLIN) 131788
245 10 - TITLE STATEMENT
Title Lectures on political economy /
Statement of responsibility, etc. Knut Wicksell ; translated from the Swedish by E. Classen and edited with an introduction by Lionel Robbins.
260 ## - PUBLICATION, DISTRIBUTION, ETC. (IMPRINT)
Place of publication, distribution, etc. London :
Name of publisher, distributor, etc. G. Routledge and Sons, Ltd.,
Date of publication, distribution, etc. 1935,[impression 1950]
300 ## - PHYSICAL DESCRIPTION
Pagination V. :
Illustrations ill ;
Size 22 cm.
505 ## - FORMATTED CONTENTS NOTE
Formatted contents note Vol. 1 General Theory -- v.2 --
650 #0 - SUBJECT ADDED ENTRY--TOPICAL TERM
Topical term or geographic name as entry element Economics.
9 (RLIN) 131789
Topical term or geographic name as entry element Money.
9 (RLIN) 131790
700 1# - ADDED ENTRY--PERSONAL NAME
Personal name Classen, E.
Fuller form of name (Ernest),
Dates associated with a name 1881-,
Relator term translator.
Personal name Robbins, Lionel
Dates associated with a name 1898-1984,
Relator term editor.
942 ## - ADDED ENTRY ELEMENTS (KOHA)
Source of classification or shelving scheme Dewey Decimal Classification
Koha item type Books
Holdings
Lost status Source of classification or shelving scheme Damaged status Not for loan Collection code Permanent Location Current Location Shelving location Date acquired Source of acquisition Cost, normal purchase price Total Checkouts Full call number Date last seen Copy number Koha item type
  Dewey Decimal Classification     Non-fiction Central Library, University of Rajshahi Central Library, University of Rajshahi   02/02/1956 ABC 9.12   330.1 WIL V-2 1950 18/06/2016 C-2 Books
  Dewey Decimal Classification     Non-fiction Central Library, University of Rajshahi Central Library, University of Rajshahi   02/02/1956 ABC 9.12   330.1 WIL V-2 1950 18/06/2016 C-3 Books
  Dewey Decimal Classification     Non-fiction Central Library, University of Rajshahi Central Library, University of Rajshahi   26/01/1955 Dacca 7.80   330.1 WIL V-2 1950 18/06/2016 C-4 Books
  Dewey Decimal Classification     Non-fiction Central Library, University of Rajshahi Central Library, University of Rajshahi   26/01/1955 Dacca 7.80   330.1 WIL V-2 1950 18/06/2016 C-5 Books
  Dewey Decimal Classification     Non-fiction Central Library, University of Rajshahi Central Library, University of Rajshahi   26/01/1955 Dacca 7.80   330.1 WIL V-2 1950 18/06/2016 C-6 Books
  Dewey Decimal Classification     Non-fiction Central Library, University of Rajshahi Central Library, University of Rajshahi   26/01/1955 Dacca 7.80   330.1 WIL V-2 1950 18/06/2016 C-7 Books
  Dewey Decimal Classification   Not For Loan Non-fiction Central Library, University of Rajshahi Central Library, University of Rajshahi Reading Room 02/02/1956 A.B.C 9.00   330.1 WIL V-1 1951 17/12/2016 C-1 Books